| 000 | 00608nam a2200205Ia 4500 | ||
|---|---|---|---|
| 005 | 20240210110635.0 | ||
| 008 | 131103s9999 xx 000 0 und d | ||
| 020 |
_a195679024 _cRs.345.00 |
||
| 040 | _aLoreto College | ||
| 041 | _aEnglish | ||
| 082 |
_a351 _bCHA |
||
| 245 |
_aPublic administration _b A reader _cEdited by Bidyut Chakrabarty and Mohit Bhattacharya |
||
| 260 |
_aNew Delhi _bOxford University Press _c2006 |
||
| 300 | _axxvii,429p | ||
| 504 | _aIncludes bibliography and index | ||
| 650 | _aPublic administration | ||
| 700 | _aChakrabarty, Bidyut,ed | ||
| 850 | _aLCLIB | ||
| 942 | _cBK | ||
| 999 |
_c36215 _d86694 |
||